000 00393nam a2200169Ia 4500
001 16624
003 IN-NITTTR
005 20251114233157.0
008 251113s9999||||xx |||||||||||||| ||eng||
040 _beng
040 _cIN-NITTTR
041 _aeng
082 _a338.04 B31E
100 _aBaty, Gordon B.
245 0 _aEntrepreneurship playing to win /
_cBaty,Gordon B.
942 _2ddc
_cBK
999 _c19258
_d19258